Statistics for Capitals of the 5 Largest Countries by Continent

Click here to take the quiz!

General Stats

  • This quiz has been taken 213 times
    (87 since last reset)
  • The average score is 23 of 30

Answer Stats

Answer% Correct
United StatesWashington D.C.
99%
MexicoMexico City
97%
RussiaMoscow
97%
Paris
96%
CanadaOttawa
94%
Beijing
93%
BrazilBrasilia
91%
ArgentinaBuenos Aires
91%
Madrid
87%
ColombiaBogota
85%
PeruLima
85%
Canberra
84%
New Delhi
84%
UkraineKiev
82%
Jakarta
78%
BoliviaLa Paz / Sucre
78%
Wellington
78%
Algiers
75%
Stockholm
75%
Kinshasa
69%
Khartoum
68%
NicaraguaManagua
66%
HondurasTegucigalpa
66%
Tripoli
66%
Astana
65%
Port Moresby
65%
Riyadh
63%
Suva
59%
Honiara
56%
N'Djamena
54%

Score Distribution

Percentile by Number Answered

Percent of People with Each Score

Your Score History

You have not taken this quiz since the last reset